[Event "Oberliga NRW 1617"]
[Site "Germany"]
[Date "2017.02.12"]
[Round "6.6"]
[White "Auer, Martin"]
[Black "Juegel, Marcel"]
[Result "1/2-1/2"]
[WhiteElo "2267"]
[BlackElo "2228"]
[PlyCount "64"]
[EventDate "2016.09.25"]
[EventType "team-tourn"]
[EventRounds "9"]
[EventCountry "GER"]
[SourceTitle "EXT 2020"]
[Source "ChessBase"]
[SourceDate "2019.10.17"]
[SourceVersion "1"]
[SourceVersionDate "2019.10.17"]
[SourceQuality "1"]
[WhiteTeam "Wuppertal Bahn"]
[BlackTeam "Aachen Aufwaerts II"]
[WhiteTeamCountry "GER"]
[BlackTeamCountry "GER"]

1. e4 e6 2. d4 d5 3. Nc3 Nf6 4. Bg5 Be7 5. e5 Nfd7 6. h4 Nc6 7. Bxe7 Qxe7 8. Qd2 a6 9. f4 f6 10. Nf3 Nb6 11. 0-0-0 Bd7 12. Qe3 0-0-0 13. Nd2 fxe5 14. fxe5 Be8 15. Nb3 Bh5 16. Rd2 Rdf8 17. Nc5 Rf5 18. Bd3 Rf7 19. Ne2 Rhf8 20. Ng3 Bg6 21. Be2 Rf4 22. h5 Be8 23. c3 Nd8 24. b3 Bb5 25. Nd3 R4f7 26. Kb2 Nc6 27. Nc5 Bxe2 28. Rxe2 Nd7 29. Nd3 Na7 30. Ra1 Qh4 31. Rh1 Qe7 32. Ra1 Qh4 1/2-1/2

[Event "NRW Class2 1314"]
[Site "Germany"]
[Date "2014.03.09"]
[Round "7.5"]
[White "Soukup, Jiri"]
[Black "Auer, Martin"]
[Result "1-0"]
[WhiteElo "2273"]
[BlackElo "2140"]
[PlyCount "67"]
[EventDate "2013.09.15"]
[EventType "team-tourn"]
[EventRounds "9"]
[EventCountry "GER"]
[SourceTitle "EXT 2015"]
[Source "ChessBase"]
[SourceDate "2014.11.20"]
[SourceVersion "1"]
[SourceVersionDate "2014.11.20"]
[SourceQuality "1"]
[WhiteTeam "Letmathe"]
[BlackTeam "Solingen III"]
[WhiteTeamCountry "GER"]
[BlackTeamCountry "GER"]

1. e4 d6 2. d4 g6 3. Nc3 Bg7 4. Be3 a6 5. Qd2 Nd7 6. Be2 b5 7. f3 Nb6 8. b3 h5 9. a4 b4 10. Na2 a5 11. Rd1 Nf6 12. Bd3 Nbd7 13. Ne2 0-0 14. Bh6 e5 15. Bxg7 Kxg7 16. 0-0 exd4 17. Nxd4 Ne5 18. Be2 Bd7 19. Nc1 Qb8 20. Kh1 Qb6 21. Qg5 Nc6 22. Nxc6 Bxc6 23. Bc4 Rae8 24. Nd3 Bb7 25. Rfe1 c6 26. Qg3 d5 27. exd5 cxd5 28. Bb5 Rxe1+ 29. Rxe1 Ba6 30. Bxa6 Qxa6 31. Re7 Qc6 32. Qxg6+ Kxg6 33. Ne5+ Kf5 34. Nxc6 1-0

[Event "BL2-West 1213"]
[Site "Germany"]
[Date "2013.02.24"]
[Round "7.8"]
[White "Auer, Martin"]
[Black "Armbruster, Alexander"]
[Result "1/2-1/2"]
[WhiteElo "2310"]
[BlackElo "2312"]
[PlyCount "87"]
[EventDate "2012.10.14"]
[EventType "team-tourn"]
[EventRounds "9"]
[EventCountry "GER"]
[SourceTitle "CBM 154 Extra"]
[Source "ChessBase"]
[SourceDate "2013.06.25"]
[SourceVersion "2"]
[SourceVersionDate "2013.06.25"]
[SourceQuality "1"]
[WhiteTeam "Solingen SG II"]
[BlackTeam "Godesberg"]
[WhiteTeamCountry "GER"]
[BlackTeamCountry "GER"]

1. e4 d6 2. d4 g6 3. Nc3 Bg7 4. Be2 c6 5. Nf3 b5 6. a4 b4 7. Nb1 Nf6 8. Nbd2 0-0 9. 0-0 Qc7 10. Bd3 Nbd7 11. Re1 c5 12. c3 Rb8 13. d5 bxc3 14. bxc3 Ng4 15. Ra3 Nge5 16. Bf1 c4 17. a5 Ba6 18. Nd4 Nc5 19. Re3 e6 20. f4 Ned3 21. Nc6 Rbe8 22. Nb4 exd5 23. Nxd5 Qd8 24. Nb4 d5 25. Bxd3 cxd3 26. Nxa6 d4 27. Rg3 dxc3 28. Nxc5 Qd4+ 29. Kh1 cxd2 30. Qxd2 Qxc5 31. Raxd3 Rxe4 32. Ba3 Qb5 33. h3 Rfe8 34. Rd8 Rxd8 35. Qxd8+ Re8 36. Qd2 Bh6 37. Rf3 Qb1+ 38. Kh2 Qf5 39. Bb2 Bg7 40. Bxg7 Kxg7 41. Qd4+ Kh6 42. Qxa7 Re2 43. Qa8 Kg7 44. a6 1/2-1/2

[Event "NRW Class2 1213"]
[Site "Germany"]
[Date "2013.02.17"]
[Round "6.6"]
[White "Wilke, Christopher"]
[Black "Auer, Martin"]
[Result "1-0"]
[WhiteElo "2003"]
[BlackElo "2172"]
[PlyCount "71"]
[EventDate "2012.09.16"]
[EventType "team-tourn"]
[EventRounds "9"]
[EventCountry "GER"]
[SourceTitle "EXT 2017"]
[Source "ChessBase"]
[SourceDate "2016.10.25"]
[SourceVersion "1"]
[SourceVersionDate "2016.10.25"]
[SourceQuality "1"]
[WhiteTeam "Niederkassel"]
[BlackTeam "Solingen III"]
[WhiteTeamCountry "GER"]
[BlackTeamCountry "GER"]

1. d4 g6 2. c4 Bg7 3. Nf3 Nf6 4. Nc3 0-0 5. e4 d6 6. Be2 Nbd7 7. 0-0 e5 8. dxe5 dxe5 9. Qc2 c6 10. h3 Nh5 11. Be3 Nf4 12. Rad1 Re8 13. b4 Qe7 14. c5 Nxe2+ 15. Nxe2 a5 16. a3 Nf8 17. Ng3 Ne6 18. Rd6 Nc7 19. Rfd1 Nb5 20. R6d3 axb4 21. axb4 Be6 22. Ng5 Bc8 23. Qc1 h6 24. Nf3 Kh7 25. h4 Bg4 26. h5 gxh5 27. Nf5 Bxf5 28. exf5 e4 29. Rd7 Qf6 30. Nd4 Nxd4 31. Bxd4 Qxf5 32. Bxg7 Kxg7 33. R1d6 Qg5 34. Qc3+ Re5 35. Re6 Rd8 36. Rxe5 1-0

[Event "Leverkusen Bayer op 10th"]
[Site "Leverkusen"]
[Date "2012.03.07"]
[Round "5"]
[White "Auer, Martin"]
[Black "Ljuboschiz, Alexander"]
[Result "1/2-1/2"]
[WhiteElo "2214"]
[BlackElo "1992"]
[PlyCount "22"]
[EventDate "2012.01.11"]
[EventType "swiss"]
[EventRounds "7"]
[EventCountry "GER"]
[SourceTitle "EXT 2014"]
[Source "ChessBase"]
[SourceDate "2013.11.20"]
[SourceVersion "1"]
[SourceVersionDate "2013.11.20"]
[SourceQuality "1"]

1. e4 g6 2. d4 Bg7 3. Nc3 d6 4. Be3 a6 5. a4 Nc6 6. h3 e5 7. Nge2 exd4 8. Nxd4 Nf6 9. g3 0-0 10. Bg2 Bd7 11. 0-0 Re8 1/2-1/2

[Event "Cologne Ford op 17th"]
[Site "Cologne"]
[Date "2011.05.16"]
[Round "5"]
[White "Auer, Martin"]
[Black "Goldenstein, Arnd"]
[Result "1-0"]
[WhiteElo "2216"]
[BlackElo "1989"]
[PlyCount "28"]
[EventDate "2011.04.12"]
[EventType "swiss"]
[EventRounds "7"]
[EventCountry "GER"]
[SourceTitle "EXT 2012"]
[Source "ChessBase"]
[SourceDate "2011.11.24"]
[SourceVersion "1"]
[SourceVersionDate "2011.11.24"]
[SourceQuality "1"]

1. f4 e5 2. fxe5 Nc6 3. Nf3 d6 4. exd6 Bxd6 5. Nc3 Ne5 6. Ne4 Nf6 7. Nxd6+ Qxd6 8. d4 Neg4 9. Qd3 0-0 10. e4 Re8 11. e5 Nd5 12. Be2 Nb4 13. exd6 Nxd3+ 14. cxd3 cxd6 1-0

[Event "Cologne Ford op 17th"]
[Site "Cologne"]
[Date "2011.05.09"]
[Round "4"]
[White "Hennig, Edgar Paul"]
[Black "Auer, Martin"]
[Result "0-1"]
[WhiteElo "1856"]
[BlackElo "2216"]
[PlyCount "68"]
[EventDate "2011.04.12"]
[EventType "swiss"]
[EventRounds "7"]
[EventCountry "GER"]
[SourceTitle "EXT 2012"]
[Source "ChessBase"]
[SourceDate "2011.11.24"]
[SourceVersion "1"]
[SourceVersionDate "2011.11.24"]
[SourceQuality "1"]

1. d4 Nf6 2. Nf3 c5 3. d5 e6 4. c4 exd5 5. cxd5 d6 6. Nc3 g6 7. Bf4 Bg7 8. Qa4+ Bd7 9. Qb3 Qc7 10. Nd2 0-0 11. Nc4 Ne8 12. a4 f5 13. e3 Na6 14. Be2 Nb4 15. 0-0 a6 16. Rfd1 Rd8 17. a5 Kh8 18. Rac1 Rf7 19. Na2 Nxa2 20. Qxa2 Bb5 21. b4 Qe7 22. bxc5 dxc5 23. Nb6 Bxe2 24. Qxe2 g5 25. d6 Qf6 26. d7 gxf4 27. dxe8Q+ Rxe8 28. Rxc5 fxe3 29. fxe3 f4 30. e4 Qg6 31. Qh5 Qxe4 32. Rc8 Rfe7 33. Rxe8+ Rxe8 34. Qd5 Qe3+ 0-1

[Event "NRW Class1 1011"]
[Site "Germany"]
[Date "2010.12.19"]
[Round "4.2"]
[White "Kabatianski, Alexander"]
[Black "Auer, Martin"]
[Result "1-0"]
[WhiteElo "2439"]
[BlackElo "2311"]
[PlyCount "75"]
[EventDate "2010.09.26"]
[EventType "team-tourn"]
[EventRounds "9"]
[EventCountry "GER"]
[SourceTitle "EXT 2012"]
[Source "ChessBase"]
[SourceDate "2011.11.24"]
[SourceVersion "1"]
[SourceVersionDate "2011.11.24"]
[SourceQuality "1"]
[WhiteTeam "Emsdetten Turm II"]
[BlackTeam "Solingen III"]
[WhiteTeamCountry "GER"]
[BlackTeamCountry "GER"]

1. d4 f5 2. g3 Nf6 3. Bg2 g6 4. Nh3 Bg7 5. c4 d6 6. d5 Nbd7 7. 0-0 0-0 8. Qc2 Ne5 9. b3 c5 10. dxc6 Nxc6 11. Bb2 Qb6 12. Nc3 e5 13. Rad1 Nd4 14. Qd3 Ng4 15. e3 e4 16. Qd2 Ne6 17. Na4 Qd8 18. Qxd6 Qxd6 19. Rxd6 Ne5 20. Rfd1 Rb8 21. Nf4 Nxf4 22. gxf4 Nf7 23. Bxg7 Kxg7 24. R6d4 b6 25. f3 exf3 26. Bxf3 Be6 27. Nc3 Rfe8 28. Kf2 Re7 29. R1d2 Rbe8 30. a4 Kf6 31. Nb5 Bc8 32. Nc3 Be6 33. Nb5 Bc8 34. Bc6 Rg8 35. Bd7 g5 36. Nxa7 gxf4 37. exf4 Bb7 38. Bc6 1-0

[Event "Leverkusen-ch op"]
[Site "Leverkusen"]
[Date "2010.04.12"]
[Round "6"]
[White "Auer, Martin"]
[Black "Werner, Michael"]
[Result "1-0"]
[WhiteElo "2314"]
[BlackElo "2115"]
[PlyCount "143"]
[EventDate "2010.01.18"]
[EventType "swiss"]
[EventRounds "7"]
[EventCountry "GER"]
[SourceTitle "EXT 2011"]
[Source "ChessBase"]
[SourceDate "2010.11.26"]
[SourceVersion "1"]
[SourceVersionDate "2010.11.26"]
[SourceQuality "1"]

1. e4 c5 2. Nf3 e6 3. d4 cxd4 4. Nxd4 a6 5. Bd3 Nc6 6. Nxc6 dxc6 7. Nd2 e5 8. Nc4 Ne7 9. Bd2 Ng6 10. Qh5 Bd6 11. Nxd6+ Qxd6 12. g3 Be6 13. b3 0-0-0 14. Qe2 Qc7 15. 0-0-0 Kb8 16. Be3 Rd7 17. f3 Ne7 18. Qe1 Nc8 19. Qc3 f6 20. Be2 Rxd1+ 21. Rxd1 Rd8 22. Rxd8 Qxd8 23. Qb4 Ka8 24. a4 Qd6 25. Bc5 Qd7 26. Kb2 Qc7 27. Be3 Qd6 28. Kc3 Qd7 29. Qa5 Kb8 30. Bc5 Ka8 31. b4 Kb8 32. Bd3 Nd6 33. Be3 Kc8 34. Qc5 Kd8 35. f4 exf4 36. Bxf4 g6 37. Qa5+ Ke7 38. e5 Ne8 39. exf6+ Nxf6 40. Bg5 Kf7 41. Qc5 Nd5+ 42. Kd2 Kg8 43. Bh6 Qe7 44. Qxe7 Nxe7 45. Ke2 Kf7 46. Ke3 Bd5 47. Kd4 Ke6 48. Bf1 Nf5+ 49. Kc5 Kd7 50. Bf4 Be4 51. c3 Bc2 52. Kb6 Kc8 53. Bc4 Bxa4 54. Be6+ Kd8 55. Kxb7 Ke7 56. Bc4 Nd6+ 57. Bxd6+ Kxd6 58. Bxa6 g5 59. Kb6 h5 60. c4 h4 61. c5+ Kd7 62. Be2 hxg3 63. hxg3 Kd8 64. Bf1 Kd7 65. Bd3 Kd8 66. b5 cxb5 67. Bxb5 Bxb5 68. Kxb5 Kc7 69. c6 Kc8 70. Kb6 Kb8 71. c7+ Kc8 72. g4 1-0

[Event "NRW Class2 0910"]
[Site "Germany"]
[Date "2009.12.20"]
[Round "4.2"]
[White "Nordsieck, Thomas"]
[Black "Auer, Martin"]
[Result "1/2-1/2"]
[WhiteElo "2302"]
[BlackElo "2314"]
[PlyCount "49"]
[EventDate "2009.09.20"]
[EventType "team-tourn"]
[EventRounds "9"]
[EventCountry "GER"]
[SourceTitle "EXT 2011"]
[Source "ChessBase"]
[SourceDate "2010.11.26"]
[SourceVersion "1"]
[SourceVersionDate "2010.11.26"]
[SourceQuality "1"]
[WhiteTeam "Herford"]
[BlackTeam "Solingen SG III"]
[WhiteTeamCountry "GER"]
[BlackTeamCountry "GER"]

1. e4 e6 2. d4 d5 3. Nc3 Nc6 4. exd5 exd5 5. Bb5 Nf6 6. h3 Bb4 7. Qf3 0-0 8. Nge2 Ne4 9. 0-0 Nxc3 10. bxc3 Bd6 11. c4 dxc4 12. Bxc4 Qh4 13. Bb2 Bd7 14. Bd3 Nb4 15. Be4 Rae8 16. Bxb7 Bb5 17. Ng3 Bxf1 18. Rxf1 Bxg3 19. fxg3 Qg5 20. Bc1 Qb5 21. c3 c6 22. Ba3 Nd5 23. Bxf8 Rxf8 24. Bc8 Nxc3 25. Qxc3 1/2-1/2

[Event "Leverkusen-ch op"]
[Site "Leverkusen"]
[Date "2008.04.14"]
[Round "7"]
[White "Auer, Martin"]
[Black "Michalczak, Thomas"]
[Result "0-1"]
[WhiteElo "2228"]
[BlackElo "2294"]
[PlyCount "78"]
[EventDate "2008.01.14"]
[EventType "swiss"]
[EventRounds "7"]
[EventCountry "GER"]
[SourceTitle "EXT 2010"]
[Source "ChessBase"]
[SourceDate "2010.11.25"]
[SourceVersion "1"]
[SourceVersionDate "2010.11.25"]
[SourceQuality "1"]

1. Nf3 d5 2. g3 Nf6 3. Bg2 e6 4. 0-0 Be7 5. b3 0-0 6. c4 b6 7. e3 Bb7 8. Qe2 dxc4 9. bxc4 c5 10. Bb2 Nc6 11. Rd1 Rc8 12. Nc3 Rc7 13. Rac1 Qa8 14. Ne1 Rd8 15. d3 Rcd7 16. f4 Nb4 17. Bxb7 Qxb7 18. g4 Ne8 19. a3 Nc6 20. Ne4 Na5 21. Nf3 Nd6 22. Ng3 f6 23. e4 Nf7 24. Rb1 Nc6 25. h4 e5 26. fxe5 Qc7 27. Nf5 Ncxe5 28. Ne1 Ng6 29. Bc1 Bd6 30. h5 Ne7 31. Ne3 Bf4 32. Nd5 Nxd5 33. cxd5 Re8 34. Qf2 Bg3 35. Qg2 Bxe1 36. Rxe1 Rxd5 37. Bf4 Rde5 38. Bxe5 Nxe5 39. Rbd1 Qd7 0-1

[Event "Leverkusen-ch op"]
[Site "Leverkusen"]
[Date "2008.03.16"]
[Round "6"]
[White "Buchkremer, Felix"]
[Black "Auer, Martin"]
[Result "0-1"]
[WhiteElo "2036"]
[BlackElo "2228"]
[PlyCount "50"]
[EventDate "2008.01.14"]
[EventType "swiss"]
[EventRounds "7"]
[EventCountry "GER"]
[SourceTitle "EXT 2010"]
[Source "ChessBase"]
[SourceDate "2010.11.25"]
[SourceVersion "1"]
[SourceVersionDate "2010.11.25"]
[SourceQuality "1"]

1. e4 e6 2. d4 d5 3. e5 c5 4. c3 Nc6 5. Nf3 Nh6 6. Bd3 f6 7. 0-0 Nf7 8. Qe2 Bd7 9. c4 dxc4 10. Bxc4 cxd4 11. exf6 Qxf6 12. Re1 Bb4 13. Bd2 0-0 14. a3 Bd6 15. Bxe6 Rae8 16. Bxf7+ Qxf7 17. Qf1 Bg4 18. Ng5 Qd5 19. f3 Ne5 20. Bb4 h6 21. Bxd6 Qxd6 22. Ne4 Qg6 23. Nbd2 Bxf3 24. Ng3 Bc6 25. Qe2 Nf3+ 0-1

[Event "Leverkusen-ch op"]
[Site "Leverkusen"]
[Date "2008.03.10"]
[Round "5"]
[White "Auer, Martin"]
[Black "Vasiljev, Jurij"]
[Result "1/2-1/2"]
[WhiteElo "2228"]
[BlackElo "2062"]
[PlyCount "120"]
[EventDate "2008.01.14"]
[EventType "swiss"]
[EventRounds "7"]
[EventCountry "GER"]
[SourceTitle "EXT 2010"]
[Source "ChessBase"]
[SourceDate "2010.11.25"]
[SourceVersion "1"]
[SourceVersionDate "2010.11.25"]
[SourceQuality "1"]

1. e4 c5 2. Nf3 e6 3. d4 cxd4 4. Nxd4 a6 5. Nc3 Qc7 6. g3 Nf6 7. Bg2 Bb4 8. Bd2 Nc6 9. Nb3 0-0 10. 0-0 b6 11. f4 d6 12. e5 dxe5 13. fxe5 Nd7 14. Nb5 Bc5+ 15. Nxc5 axb5 16. Nd3 Bb7 17. Bc3 b4 18. Nxb4 Ncxe5 19. Bxb7 Qxb7 20. Qe2 Qc7 21. Rfe1 Qc5+ 22. Kg2 Nc6 23. Nd3 Qg5 24. Qe4 Rac8 25. Re2 Rfe8 26. a4 e5 27. h4 Qh5 28. g4 Qh6 29. g5 Qe6 30. Rf1 Nc5 31. Nxc5 bxc5 32. Rf5 f6 33. gxf6 gxf6 34. Ref2 Rf8 35. h5 Kh8 36. Kf1 Nd4 37. Bxd4 cxd4 38. b3 Rc3 39. h6 Qa6+ 40. Qe2 d3 41. cxd3 Rxd3 42. R5f3 Rd1+ 43. Kg2 Rg8+ 44. Rg3 Rxg3+ 45. Kxg3 Qxe2 46. Rxe2 Rd3+ 47. Kg4 Kg8 48. Rc2 Kf7 49. Rc7+ Kg6 50. Rb7 f5+ 51. Kh4 Rd4+ 52. Kg3 Kg5 53. Rxh7 Rd3+ 54. Kf2 Rxb3 55. Re7 Kf4 56. h7 Rb2+ 57. Kg1 Rb8 58. Rg7 e4 59. Rg8 Rb1+ 60. Kh2 Rb2+ 1/2-1/2

[Event "NRW Class2 0708"]
[Site "Germany"]
[Date "2008.01.13"]
[Round "5.2"]
[White "Auer, Martin"]
[Black "Schoenthier, Frank"]
[Result "1/2-1/2"]
[WhiteElo "2319"]
[BlackElo "2338"]
[PlyCount "29"]
[EventDate "2007.09.16"]
[EventType "team"]
[EventRounds "9"]
[EventCountry "GER"]
[SourceTitle "EXT 2009"]
[Source "ChessBase"]
[SourceDate "2008.11.26"]
[SourceVersion "1"]
[SourceVersionDate "2008.11.26"]
[SourceQuality "1"]
[WhiteTeam "Solingen III"]
[BlackTeam "Monheim"]
[WhiteTeamCountry "GER"]
[BlackTeamCountry "GER"]

1. d4 Nf6 2. c4 e6 3. Nc3 Bb4 4. e3 0-0 5. Bd3 d5 6. Nge2 Nc6 7. a3 dxc4 8. Bxc4 Bxc3+ 9. Nxc3 e5 10. d5 Ne7 11. e4 c6 12. Bg5 Ng6 13. 0-0 h6 14. Be3 cxd5 15. Bxd5 1/2-1/2

[Event "NRW Class2 0708"]
[Site "Germany"]
[Date "2007.10.14"]
[Round "2.3"]
[White "Auer, Martin"]
[Black "Schmidt, Bodo"]
[Result "0-1"]
[WhiteElo "2319"]
[BlackElo "2370"]
[PlyCount "66"]
[EventDate "2007.09.16"]
[EventType "team"]
[EventRounds "9"]
[EventCountry "GER"]
[SourceTitle "EXT 2009"]
[Source "ChessBase"]
[SourceDate "2008.11.26"]
[SourceVersion "1"]
[SourceVersionDate "2008.11.26"]
[SourceQuality "1"]
[WhiteTeam "Solingen III"]
[BlackTeam "Godesberg II"]
[WhiteTeamCountry "GER"]
[BlackTeamCountry "GER"]

1. e4 e6 2. d4 d5 3. Nc3 Bb4 4. e5 c5 5. dxc5 Nc6 6. Nf3 Nge7 7. Bd3 Ng6 8. 0-0 Bxc3 9. bxc3 Ngxe5 10. Nxe5 Nxe5 11. Bf4 Nxd3 12. cxd3 0-0 13. Bd6 Re8 14. f4 b6 15. d4 Qd7 16. Rf3 f6 17. Qe1 Qf7 18. Qh4 Ba6 19. Re1 Rad8 20. Rh3 Qg6 21. Rhe3 Bc8 22. h3 h5 23. Kh2 Bd7 24. g4 hxg4 25. Rg1 Kf7 26. Rxg4 Qf5 27. Reg3 Rg8 28. Rg2 Bb5 29. Qg3 g6 30. c4 dxc4 31. Qa3 Rd7 32. Rh4 Bc6 33. cxb6 Qd5 0-1